00474 2200193 4500001002100000005001500021035002000036245004900056100001500105250000600120856004500126260004100171082000800212084001400220600001000234990001200244990001200256990001200268INLIS00000000000172420250505094953 a0010-05250000161 aBumiku Sayang, Bumiku Melayang /cMuh. Saleh0 aMuh. Saleh a1 aRuang Baca Umum No Klas 800 ( Rak 3,4,5) aYogyakarta :bMita Gama Widya,c2000 a813 a813 MUH b 4aFiksi a00.0201 a00.0202 a00.0203